|
|
|
|
| LEADER |
01671nam a22004454a 4500 |
| 001 |
EBC171441 |
| 003 |
MiAaPQ |
| 005 |
20200520144314.0 |
| 006 |
m o d | |
| 007 |
cr cn||||||||| |
| 008 |
020722s2003 enka sb 001 0 eng |
| 010 |
|
|
|z 2002068225
|
| 020 |
|
|
|z 0415301750
|
| 035 |
|
|
|a (MiAaPQ)EBC171441
|
| 035 |
|
|
|a (Au-PeEL)EBL171441
|
| 035 |
|
|
|a (CaPaEBR)ebr10099719
|
| 035 |
|
|
|a (CaONFJC)MIL7031
|
| 035 |
|
|
|a (OCoLC)475879109
|
| 040 |
|
|
|a MiAaPQ
|c MiAaPQ
|d MiAaPQ
|
| 043 |
|
|
|a e------
|
| 050 |
|
4 |
|a HG925
|b .C6563 2003
|
| 082 |
0 |
4 |
|a 332.4/94
|2 21
|
| 084 |
|
|
|a 83.44
|2 bcl
|
| 100 |
1 |
|
|a Collignon, Stefan,
|d 1951-
|
| 245 |
1 |
0 |
|a Private sector involvement in the euro
|h [electronic resource] :
|b the power of ideas /
|c Stefan Collignon and Daniela Schwarzer.
|
| 260 |
|
|
|a London ;
|a New York :
|b Routledge,
|c 2003.
|
| 300 |
|
|
|a xvi, 266 p. :
|b ill.
|
| 490 |
1 |
|
|a Routledge advances in European politics ;
|v 10
|
| 504 |
|
|
|a Includes bibliographical references (p. [242]-251) and indexes.
|
| 533 |
|
|
|a Electronic reproduction. Ann Arbor, MI : ProQuest, 2015. Available via World Wide Web. Access may be limited to ProQuest affiliated libraries.
|
| 610 |
2 |
0 |
|a Economic and Monetary Union.
|
| 650 |
|
0 |
|a Euro.
|
| 650 |
|
0 |
|a Monetary unions
|z European Union countries.
|
| 650 |
|
0 |
|a Monetary policy
|z European Union countries.
|
| 650 |
|
0 |
|a Non-governmental organizations.
|
| 655 |
|
4 |
|a Electronic books.
|
| 700 |
1 |
|
|a Schwarzer, Daniela.
|
| 710 |
2 |
|
|a ProQuest (Firm)
|
| 830 |
|
0 |
|a Routledge advances in European politics ;
|v 10.
|
| 856 |
4 |
0 |
|u https://ebookcentral.proquest.com/lib/matrademy/detail.action?docID=171441
|z Click to View
|